00322 2200133 4500245006900000250001100069100002400080650001600104005001900120260001800139041001400157084000800171336000900179 aLAPORAN KARYA SISWAb : BAHAN PANGAN LOKAL ASLI INDONESIAhText aCet. 1 aRADHIT WIRADIANSYAH aKarya Siswa a20240829100442 aJakartac2024 aIndonesia a081 atext